Top 15 Covid-19 getroffen landen - 14 mei - Statistieken

Algemene statistieken
  • Deze quiz is 5 keer genomen
  • De gemiddelde score is 11 van 24
Antwoordstatistieken
land % Correct
België
100%
China
100%
Duitsland
100%
Frankrijk
100%
Rusland
100%
Spanje
100%
Verenigde Staten
100%
Verenigd Koninkrijk
100%
Brazilië
67%
India
67%
Italië
67%
Portugal
67%
Ierland
33%
Zweden
33%
Bahrein
0%
Canada
0%
Iran
0%
Koeweit
0%
Peru
0%
Qatar
0%
Singapore
0%
Turkije
0%
Wit-Rusland
0%
Zwitserland
0%
Geen overeenkomende quizzen gevonden
Scoreverdeling
Procent van Mensen met Elke Score
Percentiel versus Aantal Correcte Antwoorden
Uw Scoregeschiedenis
U heeft deze quiz nog niet genomen